| 000 | 00000nam##2200000za#4500 |
| 001 | 9.627014 |
| 003 | CaOODSP |
| 005 | 20200327191813 |
| 007 | ta |
| 008 | 150406|2005||||xxc||||| f|0| 0 fre|d |
| 040 | |aCaOODSP|bfre |
| 043 | |an-cn--- |
| 086 | 1 |aT51-15/706-2005F-R |
| 110 | 1 |aCanada. |bTransports Canada. |
| 245 | 10|a706 - Exigences de maintenance des aéronefs pour les exploitants aériens |
| 246 | 3 |aRèglement de l'aviation canadien (RAC) |
| 250 | |aModification supplémentaire au 2005-1 (en vigueur 2005/05/31) |
| 260 | |aOttawa - Ontario : |bTransports Canada |
| 300 | |a8p. ; |c28 cm. |
| 490 | 1 |aRAC 700 - Généralités |vModification n° 2 |
| 500 | |aRemplacé par le règlement RAC numéro T51-15/706-2009F-R. |
| 563 | |aFeuilles mobiles |
| 775 | 08|t706 - Aircraft maintenance requirements for air operators |w(CaOODSP)9.617491 |
| 830 | #0|aRAC 700 - Généralités ;|vModification n° 2|w(CaOODSP)9.513487 |